000 00520cam a2200205ua 4500
001 11636
005 20260515114758.0
008 191014n ii |||gr||||Z||||||eng
020 _a9789386016652
040 _cMAIN
082 _a336.27140954
100 _aPrakash A. Deshmukh,
_eAuthor.
245 _aGST Goods and services Tax
_cBy Prakash A. Deshmukh
250 _a1st ed.
260 _aKanpur:
_bChandralok Prakashan,
_c2017.
300 _a328p.
653 _aPublic finance
653 _aGST Tax
942 _cBK
999 _c10436
_d10436